World vegetation / (Record no. 5936)
[ view plain ]
| 000 -LEADER | |
|---|---|
| fixed length control field | 00887nam a2200313 a 4500 |
| 001 - CONTROL NUMBER | |
| JCCL Control Number | 5936 |
| 003 - CONTROL NUMBER IDENTIFIER | |
| JCCL marc code | BD-JhCC |
| 005 - DATE AND TIME OF LATEST TRANSACTION | |
| control field | 20171231193559.0 |
| 008 - FIXED-LENGTH DATA ELEMENTS--GENERAL INFORMATION | |
| fixed length control field | 171230s1972 u a 1 eng d |
| 020 ## - INTERNATIONAL STANDARD BOOK NUMBER | |
| International Standard Book Number | 0521060834 |
| 035 ## - SYSTEM CONTROL NUMBER | |
| system control number | (BD-JhCC)5936 |
| 035 ## - SYSTEM CONTROL NUMBER | |
| system control number | (OCoLC)01264526 |
| 035 ## - SYSTEM CONTROL NUMBER | |
| system control number | GLIS00004144 |
| 040 ## - CATALOGING SOURCE | |
| Original cataloging agency | BD-JhCC |
| Modifying agency | BD-JhCC |
| 041 ## - LANGUAGE CODE | |
| Language code of Book | eng |
| 082 ## - DEWEY DECIMAL CLASSIFICATION NUMBER | |
| Classification number | 635 |
| Author mark and Year | RIL 1972 |
| 090 ## - LOCALLY ASSIGNED LC-TYPE CALL NUMBER (OCLC); LOCAL CALL NUMBER (OCLC) | |
| Classification number (OCLC) (R) ; Classification number, CALL (RLIN) (NR) | QK101 |
| Local cutter number (OCLC) ; Book number/undivided call number, CALL (RLIN) | .R53 1972 |
| 099 ## - LOCAL FREE-TEXT CALL NUMBER | |
| Classification number | QK101.R53 1972 |
| 100 1# - MAIN ENTRY--PERSONAL NAME | |
| Personal name | Riley, Denis, |
| Dates associated with a name | 1913- |
| 245 10 - TITLE STATEMENT | |
| Title | World vegetation / |
| Statement of responsibility, etc | by Denis Riley and Anthony Young. |
| 260 ## - PUBLICATION, DISTRIBUTION, ETC. (IMPRINT) | |
| Place of publication, distribution, etc | [London], |
| Name of publisher, distributor, etc | Cambridge U. P., |
| Date of publication, distribution, etc | 1972. |
| 300 ## - PHYSICAL DESCRIPTION | |
| Pagination | 96 p. |
| Other physical details | illus., 4 col. plates, maps, |
| Dimensions | 25 cm. |
| 500 ## - GENERAL NOTE | |
| General note | Reprinted with corrections, 1972. |
| 504 ## - BIBLIOGRAPHY, ETC. NOTE | |
| Bibliography, etc | Includes Index |
| 650 #0 - SUBJECT ADDED ENTRY--TOPICAL TERM | |
| Topical term or geographic name as entry element | Phytogeography. |
| 700 1# - ADDED ENTRY--PERSONAL NAME | |
| Personal name | Young, Anthony, |
| Dates associated with a name | 1932- |
| 942 ## - ADDED ENTRY ELEMENTS (KOHA) | |
| Source of classification or shelving scheme | Dewey Decimal Classification |
| Koha item type | Books |
| Source of classification or shelving scheme | Damaged status | Not for loan | Home library | Current library | Shelving location | Date of accession | Total Checkouts | Full call number | Barcode | Date last seen | Copy number | Koha item type |
|---|---|---|---|---|---|---|---|---|---|---|---|---|
| Dewey Decimal Classification | JCC Rouf Library | JCC Rouf Library | General Stacks | 12/30/2017 | 635 RIL 1972 | 7883 | 12/30/2017 | C - 1 | Books |